[Event "SWE-ch"]
[Site "Linkoping"]
[Date "2001.07.01"]
[Round "1"]
[White "Hector, Jonny"]
[Black "Carlsson, Pontus"]
[Result "0-1"]
[WhiteElo "2532"]
[BlackElo "2316"]
[Annotator "Ziegler,A"]
[PlyCount "94"]
[EventDate "2001.06.30"]
[EventType "tourn"]
[EventRounds "13"]
[EventCountry "SWE"]
[EventCategory "8"]
[SourceTitle "CBM 085"]
[Source "ChessBase"]
[SourceDate "2001.11.13"]
[SourceVersion "1"]
[SourceVersionDate "2001.11.13"]
[SourceQuality "1"]

{Jag hade faktiskt ingen aning om vad som hände.  Hur vill du beskriva partiet.
Nej det var svårt parti. Mycket att räkna på. Svåra val. Sedan när jag fick in
en framstöt i centrum då stod jag bra. Han gjorde några inexakta drag. Jag
försvårade som vanligt vinstföringen genom att komma i tidsnöd.  Det här Sc6.
Vad var det för någonting. Jag antog atthan skulle spela d4 och lura in mig i
Franskt. Jag hade sett partiet Nataf-Morozevich och tänkte att jag kunde testa
det. Det var det enda jag hade hittat på det.   Hur många stormästare har du
slagit. I ett seriöst parti var det det första. Jag har slagit Tiger också men
det var innan han fick sin titel.   Vad sa Hector efter nederlaget. Han sa
inget speciellt. Han verkar ha fin distans till schacket.   Hur har du
förberett dig inför tävligen?  Det var bra veckan innan. då funkade det bra.
Sedan blev jag sjuk, och den här veckan har jag inte kunnat jobba.   Är du
fortfarande sjuk. Ja kass.  Hur jobbade du när det gick bra? Jag förberedde
ganska mycket öppningar faktiskt. Jag tycker det är viktigt att man vet i god
tid vad man skall spela så att man inte velar. När man velar och inte kollar
ordentligt blir man osäker och kommer sämre i partierna. Då är det bättre att
bestämma sig och lära sig ordentligt.   Jag är här i första hand för att lära
mig.  Har du några förebilder? Kasparov Morozevich tycker jag har ett skönt
spel. Han spelar oväntade drag, kreativt, komplicerat.  Vad är roligast med
schack?  Vinna!  Vad gör du annars?  Annars spelar jag lite fotboll, men inte
senaste året. Jag har varit lite skadad och så. Men till höst och framförallt
till nästa år skall jag spela mer.  Var finns ditt hjärta? Jag vet inte men
jag tror faktiskt att det är fotboll. Men det är väldigt kul att spela schack
också. Att först se på fotbolls VM och sedan spela själv är roligt. Då känns
det inte lika viktigt att vinna.  Du tränar ungdomar? Ja, en eller två gånger
i veckan. Senaste säsongen har jag kört två gånger i veckan. Det har gett
resultat, De har gått längre i sina klasser, och gjort bättre resultat i
Skol-SM.  Var för är du tränare? Jag tycker att det är kul att utbilda nya
ungdomar.  Vad är viktigast som tränare? Att eleverna lär sig någonting.  Vad
tycker du om arrangemangen. Jo, jag tycker det ser rätt bra ut. Jag var rädd
att det skulle bli lite varmt, men det blev det inte. Hittills tycker jag att
det är bra.  Hemmason. Någon press?  Nej, ingenting. Jag är i stort sett lägst
rankad.  Vem vinner SM?  Bra fråga. Jag tror mycket som Agrest. Om hans spel
stämmer är han den bästa spelaren. Då har han en dimension till i sitt spel.
Det har han visat genom att vara den enda som gått över 26.} 1. d4 Nf6 2. Nc3
e6 3. e4 d5 4. Bg5 Be7 5. e5 Nfd7 6. h4 {Finkel utmålar konskevent
Aljechin-Chatardvarianten som undermålig. Själv tycker jag att varianten
tillfredsställer den moderna angreppsspelaren alla önskemål. Oavsett vad svart
gör kommer han få någon form av problem.} Nc6 {Det här draget har vi inte sett
mycket av. Personligen tycker jag inte om det eftersom det senarelägger svarts
kamp mot centrum, vilken enligt min mening i första hand skall bedrivas med
bönderna i franskt.} ({Det mest principiella är att ta bonden:} 6... Bxg5 7.
hxg5 Qxg5 {Men då skall man dels stå ut med vits initiativ efter
huvudvarianten, eller Jonnys specialare:} 8. Bd3) ({Att spela} 6... c5 {
ger svart problem med kungen efter:} 7. Bxe7 {vilket kanske bäst löses med}
Kxe7 {vilket inte alla har lust att spela. Dock är det så att både Ulibin och
Gleizerov konsekvent begagnar sig av draget konsekvent.} (7... Qxe7 8. Nb5 $1))
(6... a6 {Är lite långsamt, och min mening är nog att svart får kämpa länge
för att nå utjämning.}) ({Mest tyket är:} 6... O-O {Och sedan spela c5. Svart
låter sig inte skrämmas av vits attacker utan spelar konsekvent i centrum.}) (
6... f6 7. Qh5+ Kf8 {Ger svart obehag med kungen.} (7... g6 8. exf6 $1 gxh5 9.
fxe7 $1)) 7. Nf3 Nb6 {Ej heller det här tycker jag om eftersom springaren står
korkat på b6 i Franskt. Vart skall den gå sedan? c4 är ju inte aktuellt på ett
tag.} 8. a3 {Helt onödigt. Jag tror att Jonny ville ställa löparen på d3.} (8.
Qd2 {Ser avspänt ut. Vit fortsätter i lugn och ro sin utveckling. Närmast på
tur kommer den långa rockaden följt av spel på kungsflygeln.}) ({Det enklaste
hade varit:} 8. Bxe7 {Och sedan låta svart fundera på vad löparen på c8 skall
ta sig till.}) 8... f6 9. exf6 gxf6 {Nu börjar det bli fason på svarts spel
igen. Ställningen är lite mysko, men på sikt vill svart spela ...e5 och vara
med i centrumdiskussionen.} 10. Bh6 Bd6 {[#]} 11. Nb5 ({Jag tycker om att
angripa de svaga punkterna. Var finns svarts svaga punkt? Ser inte den lille
rackaren på e6 lite klen ut? Jodå:} 11. Qe2 {Följt av lång rockad, g3 och Lh3,
The1 kommer ge svart problem.}) 11... Qe7 12. a4 {Vad är det med den här
bonden egentligen? En del klarar inte av den roll de har fått. A-bonden skall
vara statist. Om inte regissören stramar upp kommer den här bonden stjäla all
uppmärksamhet.} Rg8 13. Nxd6+ Qxd6 14. c3 Bd7 15. a5 {Hrrmmm.} Nc4 16. a6 {
Det är nästan tur att svart har en bonde på a7, för annars hade den nog gått
lite till.} b6 17. b3 N4a5 {Vit har gett sig själv en svår uppgift. Var skall
kungen ta vägen? För några drag sedan kunde vi alla ta gift på att den skulle
till damflygeln, men nu är det förknippat med suicidaltankar. Kungsflygeln ser
inte heller så lockande ut med tanke på monstertornet på g8. Centrum? Det där
hörde jag inte.} 18. g3 O-O-O 19. Be2 e5 {[#] Ett härligt drag.} 20. dxe5 $6 {
Vits ställning var redan svår, men det här ber om det.} fxe5 21. Bg5 Rde8 22.
Be3 d4 {Nu måste det ske mirakel för att rädda vit. Jonny är emellertid alltid
farlig så Pontus får inte slappna av för ett ögonblick.} 23. cxd4 exd4 24. Bf4
Qb4+ 25. Kf1 Qxb3 ({När man kommer bättre står man ofta inför valet om man
skall "casha in" eller öka trycket. Ett lovvärt alternativ var att aktivera
löparen.} 25... Be6) 26. Nd2 {Jonny måste ha tyckt att han ställning var bra
eländig eftersom han gjorde detta drag.} ({Kanske var} 26. Rc1 {bättre. Idén
är att koordinera mot c7 för att därmed låsa fast springarna på sina
positioner.}) 26... Qxd1+ 27. Bxd1 {[#]Svart får väl sägas stå på vinst och
hade det varit slutspel så är det bara att marchera ner med bönderna.} Ne5 28.
Bh5 Re6 29. Kg1 c5 30. Kh2 Be8 31. Rhe1 Bxh5 32. Bxe5 Nc6 33. Bf4 Rge8 34. Rec1
Nb4 35. Nb3 Nd3 $6 (35... Kd8) 36. Nxd4 Nxf4 37. gxf4 Rg6 38. Ra3 Rg4 {[#]} 39.
Nf5 (39. Nc6 $5 Rxh4+ 40. Kg2 (40. Rh3 Rxh3+ 41. Kxh3 Kc7 42. Nxa7 Ra8) 40...
Rg4+ 41. Rg3 Rxg3+ 42. fxg3 Re2+ 43. Kh3 Be8 {Hade inte hjälpt.}) 39... Rf8 40.
Ng3 Rxh4+ 41. Kg1 Rfxf4 42. Re1 Rf7 43. Re6 Bg6 44. Rae3 Kd7 45. Ne2 Rg4+ 46.
Kh1 Bd3 47. Nc3 Rfg7 0-1